|
|
|
|
| LEADER |
00000nam a2200000 a 4500 |
| 001 |
vtls011544250 |
| 003 |
SK-MaSNL |
| 005 |
20260426015645.0 |
| 008 |
170706s2015 xo oa f bn 000 0 slo |
| 015 |
|
|
|a SNBA2016/04
|
| 015 |
|
|
|a SNBSAB2015
|
| 020 |
|
|
|a 9788089439911 (brož.)
|
| 035 |
|
|
|a 0C13248D-E6FA-4FE8-897F-AD40A24CD114
|
| 035 |
|
|
|a urn:nbn:sk:snk-amll58
|
| 035 |
|
|
|a urn:nbn:sk:snk-am00azer
|
| 040 |
|
|
|a SNK
|b slo
|c SNK
|e AACR2
|
| 041 |
0 |
|
|a slo
|b eng
|
| 043 |
|
|
|a e-xo---
|
| 044 |
|
|
|a xo
|c SK
|
| 072 |
|
7 |
|a 791
|x Film. Cirkus. Ľudová zábava
|2 konspekt
|
| 080 |
|
|
|a 791.622
|2 2011
|
| 080 |
|
|
|a 791.43
|2 2001
|
| 080 |
|
|
|a (437.6)
|2 2011
|
| 080 |
|
|
|a (048.8)
|2 2011
|
| 080 |
|
|
|a 019.922
|2 2011
|
| 245 |
0 |
0 |
|a Nový slovenský film
|b produkčné, estetické, distribučné a kritické východiská
|c zostavili Katarína Mišíková a Mária Ferenčuhová
|
| 250 |
|
|
|a 1. vyd.
|
| 260 |
|
|
|a Bratislava
|b Vysoká škola múzických umení, Filmová a televízna fakulta
|c 2015
|
| 300 |
|
|
|a 161 s.
|b fotogr., tab.
|c 21 cm
|
| 504 |
|
|
|a Bibliogr. odkazy ; obsahuje [63] zázn. monogr., štúdií v zborníkoch, časopisoch a odborných článkov na s. 158-161 ; pozn.
|
| 546 |
|
|
|a Res. angl.
|
| 648 |
|
7 |
|a 2011-2015
|2 SNKPH
|9 338032
|
| 650 |
0 |
7 |
|a kinematografia
|2 SNKPH
|9 3169
|
| 650 |
0 |
7 |
|a Cinematography
|2 SNKPHeng
|9 267037
|
| 650 |
0 |
7 |
|a film
|2 SNKPH
|9 1425
|
| 651 |
|
7 |
|a Slovensko
|2 SNKPH
|9 14231
|
| 651 |
|
7 |
|a Slovakia
|2 SNKPHeng
|9 92630
|
| 655 |
|
7 |
|a monografie
|2 SNKPH
|9 70139
|
| 655 |
|
7 |
|a Monographs
|2 SNKPHeng
|9 120675
|
| 655 |
|
7 |
|a výberové bibliografie
|2 SNKPH
|9 70561
|
| 655 |
|
7 |
|a Selective bibliography
|2 SNKPHeng
|9 274272
|
| 700 |
1 |
|
|a Mišíková, Katarína,
|d 1979-
|4 com
|9 106748
|
| 700 |
1 |
|
|a Ferenčuhová, Mária,
|d 1975-
|4 com
|9 97708
|
| 852 |
|
|
|a Akadémia umení v Banskej Bystrici
|
| 919 |
|
|
|a 978-80-89439-91-1
|
| 958 |
|
|
|a NB
|
| 958 |
|
|
|a SF
|
| 999 |
|
|
|c 1190468
|d 1192398
|
| 952 |
|
|
|a SNK
|b SNK
|y PREZ
|7 0
|p 17A1184942
|o snkSC 169105
|i snk2016/9087
|8 0
|0 0
|1 0
|4 0
|d 2016-04-08
|f 1
|l 0
|r 2026-02-24 22:09:49
|w 2026-02-24
|
| 952 |
|
|
|a SNK
|b SNK
|y VYP
|7 0
|p 17A1184943
|o snkSC 169105 D1
|i snk2016/9089
|8 0
|0 0
|1 0
|4 0
|d 2016-04-08
|l 0
|r 2026-02-24 22:09:49
|w 2026-02-24
|